Minecraft Items - F (26.1) - Statistics

General Stats
  • This quiz has been taken 8 times
  • The average score is 6 of 24
Answer Stats
Items % Correct
Feather
57%
Fire Charge
57%
Fishing Rod
57%
Flint
57%
Flint and Steel
57%
Flower Pot
57%
Fermented Spider Eye
43%
Firework Rocket
43%
Fern
29%
Firework Star
29%
Fire Coral
14%
Fire Coral Block
14%
Fire Coral Fan
14%
Fletching Table
14%
Flow Armor Trim
14%
Flow Banner Pattern
14%
Flower Charge Banner Pattern
14%
Flowering Azalea
14%
Flowering Azalea Leaves
14%
Flow Pottery Sherd
14%
Friend Pottery Sherd
14%
Field Masoned Banner Pattern
0%
Firefly Bush
0%
Furnace
0%
No matching quizzes found
Score Distribution
Percent of People with Each Score
Percentile by Number Answered
Your Score History
You have not taken this quiz